000 00354nam a2200145Ia 4500
008 250402s9999 xx 000 0 und d
020 _a9789380685601
082 _a300
_bDAS-A
100 _aDAS D.K. LAL
245 0 _aAPPROACHES TO SOCIAL SCIENCE RESEARCH METHODS
250 _a1
260 _bNEW ROYAL BOOK CO.
_c2013
300 _a438
942 _cRR
999 _c47951
_d47951